[Event "Kemp & Lauritzen Chess 2015"]
[Site "Fredericia"]
[Date "2015.05.10"]
[Round "8.6"]
[White "Pedersen, Lars Wilton"]
[Black "Schou-Moldt, Thomas"]
[Result "1/2-1/2"]
[LiveChessVersion "1.4.2"]
[BlackElo "2175"]
[WhiteElo "2084"]

1. Nf3 {[%clk 1:59:52]} Nf6 {[%clk 1:59:31]} 2. d4 {[%clk 1:58:25]} g6
{[%clk 1:59:09]} 3. g3 {[%clk 1:57:11]} Bg7 {[%clk 1:59:00]} 4. Bg2
{[%clk 1:57:05]} O-O {[%clk 1:58:49]} 5. c4 {[%clk 1:56:35]} d6 {[%clk 1:58:43]}
6. Nc3 {[%clk 1:55:02]} Nc6 {[%clk 1:58:02]} 7. O-O {[%clk 1:49:16]} Rb8
{[%clk 1:55:39]} 8. d5 {[%clk 1:46:02]} Na5 {[%clk 1:52:56]} 9. Qd3
{[%clk 1:42:26]} c5 {[%clk 1:52:28]} 10. Rb1 {[%clk 1:37:53]} b6 {[%clk 1:41:16]}
11. h3 {[%clk 1:36:02]} Re8 {[%clk 1:37:56]} 12. b3 {[%clk 1:32:58]} Bd7
{[%clk 1:20:40]} 13. e4 {[%clk 1:26:20]} Qc8 {[%clk 1:19:47]} 14. Kh2
{[%clk 1:26:04]} Qc7 {[%clk 1:18:09]} 15. Re1 {[%clk 1:21:50]} a6
{[%clk 1:17:31]} 16. Be3 {[%clk 1:15:01]} b5 {[%clk 1:14:06]} 17. Nd2
{[%clk 1:14:32]} Rf8 {[%clk 1:05:22]} 18. f4 {[%clk 1:11:34]} b4 {[%clk 0:57:33]}
19. Nd1 {[%clk 1:09:15]} Ne8 {[%clk 0:57:17]} 20. Nf3 {[%clk 1:08:24]} e6
{[%clk 0:56:46]} 21. g4 {[%clk 1:03:18]} exd5 {[%clk 0:47:47]} 22. exd5
{[%clk 1:02:42]} Nb7 {[%clk 0:45:54]} 23. Bf2 {[%clk 1:01:10]} a5
{[%clk 0:45:23]} 24. Bh4 {[%clk 1:00:03]} f6 {[%clk 0:44:27]} 25. Ne3
{[%clk 0:59:31]} a4 {[%clk 0:43:40]} 26. f5 {[%clk 0:54:23]} g5 {[%clk 0:43:35]}
27. Bf2 {[%clk 0:52:59]} Rf7 {[%clk 0:42:52]} 28. Nf1 {[%clk 0:51:48]} Ra8
{[%clk 0:41:05]} 29. Be3 {[%clk 0:42:37]} Qd8 {[%clk 0:38:53]} 30. Bc1
{[%clk 0:41:52]} Bc8 {[%clk 0:36:59]} 31. Bb2 {[%clk 0:39:17]} Bf8
{[%clk 0:34:02]} 32. Qc2 {[%clk 0:38:03]} Bd7 1/2-1/2

[Event "Kemp & Lauritzen Chess 2015"]
[Site "Fredericia"]
[Date "2015.05.10"]
[Round "8.7"]
[White "Bønnelykke, Ole"]
[Black "Seegert, Kristian"]
[Result "0-1"]
[LiveChessVersion "1.4.2"]
[BlackElo "2210"]
[WhiteElo "2105"]

1. e4 {[%clk 1:59:56]} c5 {[%clk 1:56:24]} 2. Nc3 {[%clk 1:59:39]} Nc6
{[%clk 1:56:18]} 3. g3 {[%clk 1:59:27]} g6 {[%clk 1:56:10]} 4. Bg2
{[%clk 1:59:22]} Bg7 {[%clk 1:55:55]} 5. d3 {[%clk 1:59:14]} d6 {[%clk 1:55:35]}
6. Be3 {[%clk 1:58:50]} e6 {[%clk 1:54:41]} 7. Qd2 {[%clk 1:58:33]} Rb8
{[%clk 1:53:50]} 8. f4 {[%clk 1:55:18]} Nge7 {[%clk 1:51:11]} 9. Nf3
{[%clk 1:53:00]} Nd4 {[%clk 1:50:33]} 10. Nd1 {[%clk 1:52:36]} b5
{[%clk 1:44:55]} 11. c3 {[%clk 1:52:17]} Nxf3+ {[%clk 1:44:44]} 12. Bxf3
{[%clk 1:52:08]} b4 {[%clk 1:43:13]} 13. O-O {[%clk 1:50:03]} bxc3
{[%clk 1:41:32]} 14. Nxc3 {[%clk 1:48:06]} O-O {[%clk 1:31:05]} 15. Rf2
{[%clk 1:45:03]} Nc6 {[%clk 1:24:01]} 16. e5 {[%clk 1:28:32]} Nd4
{[%clk 1:23:04]} 17. Ne4 {[%clk 1:22:47]} dxe5 {[%clk 1:22:06]} 18. Nxc5
{[%clk 1:16:53]} exf4 {[%clk 1:21:17]} 19. Bxf4 {[%clk 1:13:41]} Rxb2
{[%clk 1:20:40]} 20. Qc1 {[%clk 1:12:47]} Rxf2 {[%clk 1:14:56]} 21. Kxf2
{[%clk 1:12:36]} Nxf3 {[%clk 1:14:32]} 22. Kxf3 {[%clk 1:12:17]} Qd5+
{[%clk 1:14:03]} 0-1

[Event "Kemp & Lauritzen Chess 2015"]
[Site "Fredericia"]
[Date "2015.05.10"]
[Round "8.8"]
[White "Rossen, Claus"]
[Black "Moe, FM Mogens"]
[Result "1/2-1/2"]
[LiveChessVersion "1.4.2"]
[BlackElo "2151"]
[WhiteElo "2174"]

1. e4 {[%clk 1:59:58]} c5 {[%clk 1:59:51]} 2. Nc3 {[%clk 1:58:43]} Nc6
{[%clk 1:59:30]} 3. f4 {[%clk 1:58:39]} d6 {[%clk 1:59:05]} 4. Nf3
{[%clk 1:58:34]} g6 {[%clk 1:58:33]} 5. Bc4 {[%clk 1:58:27]} Bg7 {[%clk 1:56:44]}
6. O-O {[%clk 1:58:19]} Nf6 {[%clk 1:53:40]} 7. d3 {[%clk 1:56:39]} O-O
{[%clk 1:52:59]} 8. Qe1 {[%clk 1:55:25]} e6 {[%clk 1:30:18]} 9. Bb3
{[%clk 1:53:34]} a6 {[%clk 1:28:58]} 10. f5 {[%clk 1:50:50]} b5 {[%clk 1:20:54]}
11. Kh1 {[%clk 1:39:37]} Na5 {[%clk 1:14:53]} 12. Qh4 {[%clk 1:37:43]} b4
{[%clk 1:01:20]} 13. Ne2 {[%clk 1:34:20]} Nxb3 {[%clk 1:00:45]} 14. axb3
{[%clk 1:34:15]} exf5 {[%clk 0:57:19]} 15. Bg5 {[%clk 1:33:17]} h6
{[%clk 0:56:49]} 16. Bxh6 {[%clk 1:32:48]} Bxh6 {[%clk 0:56:41]} 17. Qxh6
{[%clk 1:32:35]} Ng4 {[%clk 0:56:33]} 18. Qf4 {[%clk 1:29:02]} Qf6
{[%clk 0:50:57]} 19. Ng3 {[%clk 1:16:40]} fxe4 {[%clk 0:46:56]} 20. Qxe4
{[%clk 1:16:14]} Be6 {[%clk 0:46:14]} 21. h3 {[%clk 1:11:07]} Nh6
{[%clk 0:45:27]} 22. d4 {[%clk 1:00:17]} Nf5 {[%clk 0:44:16]} 23. Nxf5
{[%clk 0:59:03]} Bxf5 {[%clk 0:44:07]} 24. Qf4 {[%clk 0:58:41]} Kg7
{[%clk 0:35:55]} 25. g4 {[%clk 0:55:06]} Bd7 {[%clk 0:35:29]} 26. Qxf6+
{[%clk 0:53:54]} Kxf6 {[%clk 0:35:22]} 27. Ne5+ {[%clk 0:53:46]} Ke7
{[%clk 0:35:12]} 28. Nxd7 {[%clk 0:53:42]} Kxd7 {[%clk 0:34:40]} 29. dxc5
{[%clk 0:52:29]} dxc5 {[%clk 0:34:13]} 30. Ra5 {[%clk 0:49:56]} Kc6
{[%clk 0:25:33]} 31. Rf6+ {[%clk 0:49:40]} Kd5 {[%clk 0:24:20]} 32. c4+
{[%clk 0:49:23]} Kd4 {[%clk 0:13:05]} 33. Rd6+ {[%clk 0:46:01]} Ke5
{[%clk 0:09:58]} 34. Rd5+ {[%clk 0:45:13]} Kf4 {[%clk 0:09:52]} 35. Raxc5
{[%clk 0:44:00]} Rae8 {[%clk 0:08:20]} 36. Rd4+ {[%clk 0:43:30]} Kg3
{[%clk 0:07:05]} 37. Rd3+ {[%clk 0:43:17]} Kf4 {[%clk 0:05:29]} 38. Rcd5
{[%clk 0:28:21]} Re1+ {[%clk 0:05:07]} 39. Kg2 {[%clk 0:28:15]} Re2+
{[%clk 0:04:59]} 40. Kf1 {[%clk 0:27:34]} Rxb2 {[%clk 0:04:33]} 41. R5d4+
{[%clk 0:21:25]} 1/2-1/2

[Event "Kemp & Lauritzen Chess 2015"]
[Site "Fredericia"]
[Date "2015.05.10"]
[Round "8.9"]
[White "Rewitz, FM Poul"]
[Black "Olsen, Filip Boe"]
[Result "0-1"]
[LiveChessVersion "1.4.2"]
[BlackElo "2192"]
[WhiteElo "2272"]

1. c3 {[%clk 1:57:47]} d5 {[%clk 1:59:39]} 2. g3 {[%clk 1:57:32]} Nf6
{[%clk 1:58:52]} 3. Bg2 {[%clk 1:57:21]} Bf5 {[%clk 1:58:30]} 4. Qb3
{[%clk 1:56:08]} b6 {[%clk 1:56:19]} 5. d3 {[%clk 1:51:21]} e6 {[%clk 1:54:18]}
6. Nd2 {[%clk 1:50:45]} c6 {[%clk 1:53:31]} 7. Ngf3 {[%clk 1:50:32]} h6
{[%clk 1:52:01]} 8. O-O {[%clk 1:48:49]} Be7 {[%clk 1:49:53]} 9. Ne5
{[%clk 1:44:16]} O-O {[%clk 1:44:37]} 10. f4 {[%clk 1:43:41]} Nfd7
{[%clk 1:35:53]} 11. e4 {[%clk 1:40:05]} Nxe5 {[%clk 1:30:04]} 12. fxe5
{[%clk 1:39:16]} dxe4 {[%clk 1:25:50]} 13. d4 {[%clk 1:36:33]} Nd7
{[%clk 0:59:33]} 14. Nxe4 {[%clk 1:35:15]} Rc8 {[%clk 0:58:06]} 15. Be3
{[%clk 1:24:34]} Qc7 {[%clk 0:51:42]} 16. Rf2 {[%clk 1:12:32]} c5
{[%clk 0:48:23]} 17. Raf1 {[%clk 1:11:45]} cxd4 {[%clk 0:44:59]} 18. cxd4
{[%clk 1:11:09]} Qc4 {[%clk 0:43:02]} 19. Qd1 {[%clk 0:57:27]} Qxa2
{[%clk 0:28:21]} 20. Nc3 {[%clk 0:57:18]} Qa6 {[%clk 0:27:53]} 21. Rxf5
{[%clk 0:53:21]} exf5 {[%clk 0:27:48]} 22. Qh5 {[%clk 0:40:43]} Qd3
{[%clk 0:18:12]} 23. Nd5 {[%clk 0:38:47]} Rce8 {[%clk 0:17:16]} 24. Rd1
{[%clk 0:22:45]} Qc2 {[%clk 0:15:30]} 25. Rc1 {[%clk 0:22:31]} Qd3
{[%clk 0:15:04]} 26. Bf1 {[%clk 0:13:39]} Qe4 {[%clk 0:14:37]} 27. Bg2
{[%clk 0:13:14]} Qd3 {[%clk 0:14:02]} 28. Rc7 {[%clk 0:12:47]} Bg5
{[%clk 0:12:17]} 29. Bf2 {[%clk 0:06:36]} Nxe5 {[%clk 0:08:36]} 30. dxe5
{[%clk 0:05:27]} Rxe5 {[%clk 0:08:27]} 31. h4 {[%clk 0:05:06]} Bd8
{[%clk 0:07:08]} 32. Rc3 {[%clk 0:03:30]} Qb1+ {[%clk 0:06:38]} 33. Kh2
{[%clk 0:03:25]} Qxb2 {[%clk 0:06:01]} 34. Bd4 {[%clk 0:01:55]} Rxd5
{[%clk 0:05:38]} 0-1

[Event "Kemp & Lauritzen Chess 2015"]
[Site "Fredericia"]
[Date "2015.05.10"]
[Round "8.10"]
[White "Thuesen, Mogens Henrik"]
[Black "Bjerre, Jonas"]
[Result "1/2-1/2"]
[LiveChessVersion "1.4.2"]
[BlackElo "2120"]
[WhiteElo "2179"]

1. f4 {[%clk 1:59:43]} d5 {[%clk 1:59:21]} 2. Nf3 {[%clk 1:59:37]} Nf6
{[%clk 1:58:47]} 3. g3 {[%clk 1:59:24]} Bf5 {[%clk 1:51:25]} 4. Bg2
{[%clk 1:59:15]} e6 {[%clk 1:50:35]} 5. O-O {[%clk 1:56:56]} c6 {[%clk 1:38:12]}
6. d3 {[%clk 1:53:47]} Qb6+ {[%clk 1:31:25]} 7. e3 {[%clk 1:50:03]} Nbd7
{[%clk 1:29:40]} 8. a4 {[%clk 1:42:22]} a5 {[%clk 1:28:49]} 9. Nc3
{[%clk 1:41:49]} h5 {[%clk 1:22:21]} 10. Qe1 {[%clk 1:32:50]} Be7
{[%clk 1:03:45]} 11. Kh1 {[%clk 1:07:00]} h4 {[%clk 0:53:05]} 12. Nxh4
{[%clk 1:01:30]} Ng4 {[%clk 0:52:32]} 13. e4 {[%clk 0:58:50]} Bxh4
{[%clk 0:51:15]} 14. gxh4 {[%clk 0:54:03]} dxe4 {[%clk 0:50:27]} 15. dxe4
{[%clk 0:53:13]} Bh7 {[%clk 0:50:12]} 16. Ra3 {[%clk 0:30:35]} O-O
{[%clk 0:48:24]} 17. Rb3 {[%clk 0:29:38]} Qc7 {[%clk 0:48:02]} 18. Qe2
{[%clk 0:29:00]} Ngf6 {[%clk 0:46:42]} 19. e5 {[%clk 0:27:33]} Nd5
{[%clk 0:45:04]} 20. Nxd5 {[%clk 0:23:51]} cxd5 {[%clk 0:44:37]} 21. Rc3
{[%clk 0:23:44]} Qd8 {[%clk 0:44:01]} 22. Rg1 {[%clk 0:18:19]} Bf5
{[%clk 0:41:28]} 23. Qh5 {[%clk 0:17:40]} Bg6 {[%clk 0:35:44]} 24. Qg4
{[%clk 0:14:16]} Bf5 {[%clk 0:35:24]} 25. Qg3 {[%clk 0:13:47]} g6
{[%clk 0:33:50]} 26. h5 {[%clk 0:13:19]} Kg7 {[%clk 0:33:38]} 27. hxg6
{[%clk 0:12:30]} fxg6 {[%clk 0:33:32]} 28. Bh3 {[%clk 0:09:50]} Be4+
{[%clk 0:33:18]} 29. Bg2 {[%clk 0:09:44]} Bf5 {[%clk 0:33:14]} 30. Be3
{[%clk 0:08:50]} Rh8 {[%clk 0:32:30]} 31. Bd4 {[%clk 0:08:30]} Rc8
{[%clk 0:31:02]} 32. Rxc8 {[%clk 0:06:47]} Qxc8 {[%clk 0:30:57]} 33. Qg5
{[%clk 0:06:22]} Qd8 {[%clk 0:30:19]} 34. Bxd5 {[%clk 0:04:29]} Qxg5
{[%clk 0:29:06]} 35. fxg5 {[%clk 0:03:59]} Rh4 {[%clk 0:27:29]} 36. Rd1
{[%clk 0:02:32]} Rxd4 {[%clk 0:26:26]} 37. Rxd4 {[%clk 0:02:25]} exd5
{[%clk 0:26:18]} 38. Kg1 {[%clk 0:00:50]} Be4 {[%clk 0:25:30]} 39. e6
{[%clk 0:00:25]} Ne5 {[%clk 0:25:05]} 40. Kf2 {[%clk 0:00:22]} Kf8
{[%clk 0:22:36]} 41. Ke3 {[%clk 0:25:40]} Nc6 {[%clk 0:44:42]} 42. Rd2
{[%clk 0:24:51]} Ke7 {[%clk 0:42:59]} 43. c4 {[%clk 0:24:39]} Ne5
{[%clk 0:40:59]} 44. Rd4 {[%clk 0:22:44]} Kxe6 {[%clk 0:39:53]} 45. cxd5+
{[%clk 0:22:33]} Bxd5 {[%clk 0:39:47]} 46. Rf4 {[%clk 0:21:51]} Nd7
{[%clk 0:39:17]} 47. b4 {[%clk 0:21:24]} axb4 {[%clk 0:37:45]} 48. Rxb4
{[%clk 0:21:15]} Bc6 {[%clk 0:37:23]} 49. Kf4 {[%clk 0:20:33]} Nc5
{[%clk 0:36:48]} 50. Kg4 {[%clk 0:19:43]} Bxa4 {[%clk 0:35:39]} 51. Rb6+
{[%clk 0:18:24]} Bc6 {[%clk 0:35:27]} 52. h4 {[%clk 0:18:13]} Nd7
{[%clk 0:34:56]} 53. Rb3 {[%clk 0:16:56]} Bd5 {[%clk 0:26:50]} 54. Re3+
{[%clk 0:16:39]} Kf7 {[%clk 0:26:34]} 55. h5 {[%clk 0:16:27]} gxh5+
{[%clk 0:26:05]} 56. Kxh5 {[%clk 0:16:20]} Nf8 {[%clk 0:25:58]} 57. Kh6
{[%clk 0:15:55]} b5 {[%clk 0:24:48]} 58. Ra3 {[%clk 0:14:24]} Be4
{[%clk 0:23:15]} 59. Ra5 {[%clk 0:13:57]} Bd3 {[%clk 0:21:47]} 60. Ra7+
{[%clk 0:13:50]} Ke6 {[%clk 0:20:35]} 61. Rb7 {[%clk 0:11:18]} Ng6
{[%clk 0:18:15]} 62. Rxb5 {[%clk 0:09:07]} 1/2-1/2

[Event "Kemp & Lauritzen Chess 2015"]
[Site "Fredericia"]
[Date "2015.05.10"]
[Round "8.11"]
[White "Firooznia, Farzam"]
[Black "Jensen, Jakob Bjerre"]
[Result "0-1"]
[LiveChessVersion "1.4.2"]
[BlackElo "2168"]
[WhiteElo "2098"]

1. e4 {[%clk 1:57:55]} c5 {[%clk 1:59:55]} 2. Nc3 {[%clk 1:57:42]} Nc6
{[%clk 1:59:49]} 3. Bb5 {[%clk 1:57:34]} Nd4 {[%clk 1:59:18]} 4. Bc4
{[%clk 1:57:31]} g6 {[%clk 1:59:08]} 5. d3 {[%clk 1:56:50]} e6 {[%clk 1:58:35]}
6. e5 {[%clk 1:54:28]} Bg7 {[%clk 1:44:31]} 7. f4 {[%clk 1:52:03]} d5
{[%clk 1:35:17]} 8. exd6 {[%clk 1:48:03]} Qxd6 {[%clk 1:35:03]} 9. Nf3
{[%clk 1:33:50]} a6 {[%clk 1:33:56]} 10. a4 {[%clk 1:31:38]} Ne7 {[%clk 1:28:05]}
11. Ne4 {[%clk 1:30:06]} Qc7 {[%clk 1:25:18]} 12. O-O {[%clk 1:23:30]} O-O
{[%clk 1:24:42]} 13. c3 {[%clk 1:20:46]} Nxf3+ {[%clk 1:16:50]} 14. Qxf3
{[%clk 1:17:05]} b6 {[%clk 1:15:21]} 15. Qh3 {[%clk 1:06:06]} Nf5
{[%clk 1:08:58]} 16. Bd2 {[%clk 0:53:48]} h6 {[%clk 0:42:59]} 17. Bb3
{[%clk 0:42:12]} Bb7 {[%clk 0:41:02]} 18. Be1 {[%clk 0:37:58]} Rad8
{[%clk 0:36:45]} 19. Bc2 {[%clk 0:35:31]} Qc6 {[%clk 0:30:00]} 20. Rd1
{[%clk 0:32:53]} Rd7 {[%clk 0:27:01]} 21. Bf2 {[%clk 0:31:45]} Rfd8
{[%clk 0:22:21]} 22. Rd2 {[%clk 0:26:52]} Qc7 {[%clk 0:16:39]} 23. Rdd1
{[%clk 0:26:39]} Qc6 {[%clk 0:15:15]} 24. Qg4 {[%clk 0:22:23]} Ne7
{[%clk 0:12:49]} 25. Qh3 {[%clk 0:20:24]} Nd5 {[%clk 0:07:39]} 26. Bh4
{[%clk 0:18:34]} Re8 {[%clk 0:06:54]} 27. Rf3 {[%clk 0:15:53]} f5
{[%clk 0:05:43]} 28. Nd2 {[%clk 0:15:03]} Qc7 {[%clk 0:05:17]} 29. Qg3
{[%clk 0:14:23]} Kh7 {[%clk 0:04:59]} 30. Rff1 {[%clk 0:12:18]} e5
{[%clk 0:04:37]} 31. Qe1 {[%clk 0:10:20]} Qc6 {[%clk 0:03:44]} 32. Nf3
{[%clk 0:05:05]} Nxf4 {[%clk 0:03:35]} 33. Bg3 {[%clk 0:05:00]} Nh5
{[%clk 0:03:09]} 34. Qe2 {[%clk 0:03:58]} Nxg3 {[%clk 0:02:52]} 35. hxg3
{[%clk 0:03:56]} Rde7 {[%clk 0:02:44]} 36. g4 {[%clk 0:03:35]} fxg4
{[%clk 0:02:28]} 37. Nh4 {[%clk 0:03:31]} h5 {[%clk 0:01:57]} 38. d4
{[%clk 0:03:01]} e4 {[%clk 0:01:52]} 39. d5 {[%clk 0:02:36]} Qd6 {[%clk 0:01:46]}
40. Rfe1 {[%clk 0:01:11]} Bxd5 {[%clk 0:01:33]} 41. c4 {[%clk 0:26:42]} Bd4+
{[%clk 0:31:12]} 42. Rxd4 {[%clk 0:26:05]} cxd4 {[%clk 0:31:07]} 43. cxd5
{[%clk 0:25:36]} d3 {[%clk 0:30:45]} 0-1

[Event "Kemp & Lauritzen Chess 2015"]
[Site "Fredericia"]
[Date "2015.05.10"]
[Round "9.6"]
[White "Moe, FM Mogens"]
[Black "Schou-Moldt, Thomas"]
[Result "0-1"]
[LiveChessVersion "1.4.2"]
[BlackElo "2175"]
[WhiteElo "2151"]

1. e4 {[%clk 1:59:54]} c5 {[%clk 1:59:28]} 2. Nf3 {[%clk 1:59:48]} d6
{[%clk 1:59:07]} 3. d4 {[%clk 1:59:41]} cxd4 {[%clk 1:58:58]} 4. Nxd4
{[%clk 1:59:36]} Nf6 {[%clk 1:58:47]} 5. Nc3 {[%clk 1:59:28]} g6 {[%clk 1:58:11]}
6. Be2 {[%clk 1:58:41]} Bg7 {[%clk 1:58:00]} 7. O-O {[%clk 1:58:14]} Nc6
{[%clk 1:57:45]} 8. Nb3 {[%clk 1:56:48]} O-O {[%clk 1:57:33]} 9. f4
{[%clk 1:56:37]} b5 {[%clk 1:55:54]} 10. Bf3 {[%clk 1:55:41]} b4 {[%clk 1:54:58]}
11. Nd5 {[%clk 1:43:51]} Nxd5 {[%clk 1:54:11]} 12. exd5 {[%clk 1:43:16]} Qb6+
{[%clk 1:53:49]} 13. Kh1 {[%clk 1:43:07]} Na5 {[%clk 1:53:42]} 14. Nxa5
{[%clk 1:32:37]} Qxa5 {[%clk 1:53:40]} 15. a3 {[%clk 1:32:07]} Qa4
{[%clk 1:22:34]} 16. Re1 {[%clk 1:23:21]} Bf5 {[%clk 1:21:45]} 17. b3
{[%clk 1:14:04]} Qa5 {[%clk 0:38:40]} 18. Ra2 {[%clk 1:13:54]} Rfe8
{[%clk 0:37:33]} 19. g4 {[%clk 0:59:41]} Bd7 {[%clk 0:36:52]} 20. Bd2
{[%clk 0:57:52]} Rab8 {[%clk 0:35:36]} 21. Re4 {[%clk 0:53:36]} Bc3
{[%clk 0:23:27]} 22. Bxc3 {[%clk 0:52:25]} bxc3 {[%clk 0:23:24]} 23. Qd4
{[%clk 0:41:05]} f5 {[%clk 0:14:01]} 24. gxf5 {[%clk 0:40:34]} Bxf5
{[%clk 0:13:58]} 25. Re3 {[%clk 0:40:24]} Rbc8 {[%clk 0:10:02]} 26. Be2
{[%clk 0:38:40]} Qc5 {[%clk 0:06:54]} 27. Qxc5 {[%clk 0:35:38]} Rxc5
{[%clk 0:06:52]} 28. Bc4 {[%clk 0:35:00]} Kf8 {[%clk 0:06:07]} 29. Ra1
{[%clk 0:22:06]} Bxc2 {[%clk 0:05:57]} 30. Rc1 {[%clk 0:21:11]} Bf5
{[%clk 0:05:53]} 31. Rcxc3 {[%clk 0:14:43]} Rec8 {[%clk 0:05:46]} 32. Kg2
{[%clk 0:12:45]} e6 {[%clk 0:04:20]} 33. dxe6 {[%clk 0:12:21]} Ke7
{[%clk 0:03:39]} 34. Rcd3 {[%clk 0:08:56]} Rxc4 {[%clk 0:02:17]} 35. bxc4
{[%clk 0:08:39]} Bxd3 {[%clk 0:02:11]} 36. Rxd3 {[%clk 0:08:16]} Rxc4
{[%clk 0:02:05]} 37. Kf3 {[%clk 0:05:23]} Kxe6 {[%clk 0:02:01]} 38. Kg4
{[%clk 0:05:01]} h6 {[%clk 0:01:45]} 39. h4 {[%clk 0:04:34]} Rc1 {[%clk 0:01:26]}
40. Rg3 {[%clk 0:01:27]} Rc5 {[%clk 0:00:56]} 41. Re3+ {[%clk 0:25:05]} Kf6
{[%clk 0:27:04]} 42. Rb3 {[%clk 0:19:18]} Ra5 {[%clk 0:17:37]} 43. Rd3
{[%clk 0:17:07]} h5+ {[%clk 0:13:16]} 44. Kf3 {[%clk 0:16:22]} Ke6
{[%clk 0:10:05]} 45. Ke4 {[%clk 0:15:07]} Ra4+ {[%clk 0:09:50]} 46. Kf3
{[%clk 0:14:29]} d5 {[%clk 0:08:49]} 47. Ke3 {[%clk 0:12:32]} Rc4
{[%clk 0:03:27]} 48. Kf3 {[%clk 0:11:23]} a5 {[%clk 0:02:53]} 49. Ke3
{[%clk 0:09:21]} a4 {[%clk 0:02:39]} 50. Kf3 {[%clk 0:08:20]} Rc1
{[%clk 0:02:25]} 51. Re3+ {[%clk 0:06:55]} Kd6 {[%clk 0:01:53]} 52. Re5
{[%clk 0:05:44]} Rc3+ {[%clk 0:01:45]} 53. Ke2 {[%clk 0:05:01]} Rc7
{[%clk 0:01:33]} 54. Rg5 {[%clk 0:04:40]} Re7+ {[%clk 0:01:31]} 55. Kd3
{[%clk 0:04:17]} Re6 {[%clk 0:01:29]} 56. f5 {[%clk 0:03:41]} gxf5
{[%clk 0:01:28]} 57. Rxf5 {[%clk 0:03:24]} Rg6 {[%clk 0:01:24]} 58. Rxh5
{[%clk 0:03:01]} Kc5 {[%clk 0:01:24]} 59. Rh8 {[%clk 0:02:34]} Rg3+
{[%clk 0:01:23]} 60. Kc2 {[%clk 0:02:27]} Rxa3 {[%clk 0:01:22]} 61. Ra8
{[%clk 0:02:09]} Kc4 {[%clk 0:01:16]} 62. h5 {[%clk 0:01:52]} Ra2+
{[%clk 0:01:13]} 63. Kb1 {[%clk 0:01:49]} Rh2 {[%clk 0:01:08]} 64. Rxa4+
{[%clk 0:01:45]} Kb3 {[%clk 0:01:08]} 0-1

[Event "Kemp & Lauritzen Chess 2015"]
[Site "Fredericia"]
[Date "2015.05.10"]
[Round "9.7"]
[White "Seegert, Kristian"]
[Black "Pedersen, Lars Wilton"]
[Result "1-0"]
[LiveChessVersion "1.4.2"]
[BlackElo "2084"]
[WhiteElo "2210"]

1. e4 {[%clk 1:58:12]} d5 {[%clk 1:59:43]} 2. exd5 {[%clk 1:57:59]} Nf6
{[%clk 1:59:35]} 3. Nf3 {[%clk 1:57:47]} Nxd5 {[%clk 1:59:29]} 4. d4
{[%clk 1:57:39]} g6 {[%clk 1:59:06]} 5. c4 {[%clk 1:57:21]} Nb6 {[%clk 1:58:36]}
6. Nc3 {[%clk 1:57:05]} Bg7 {[%clk 1:57:38]} 7. c5 {[%clk 1:56:12]} Nd5
{[%clk 1:55:16]} 8. Bc4 {[%clk 1:55:46]} c6 {[%clk 1:52:50]} 9. O-O
{[%clk 1:55:22]} O-O {[%clk 1:50:18]} 10. Re1 {[%clk 1:54:55]} Nxc3
{[%clk 1:39:17]} 11. bxc3 {[%clk 1:54:49]} Nd7 {[%clk 1:39:00]} 12. Bg5
{[%clk 1:52:24]} Nf6 {[%clk 1:38:33]} 13. Qb3 {[%clk 1:51:40]} h6
{[%clk 1:23:55]} 14. Ne5 {[%clk 1:35:00]} e6 {[%clk 1:16:54]} 15. Bh4
{[%clk 1:20:09]} g5 {[%clk 1:16:40]} 16. Bg3 {[%clk 1:20:03]} Nh5
{[%clk 1:13:14]} 17. Qd1 {[%clk 1:07:19]} Nxg3 {[%clk 1:12:49]} 18. fxg3
{[%clk 1:02:42]} f5 {[%clk 0:57:18]} 19. g4 {[%clk 1:01:00]} f4 {[%clk 0:54:21]}
20. Qd3 {[%clk 0:59:33]} Bxe5 {[%clk 0:49:23]} 21. Rxe5 {[%clk 0:59:11]} Qf6
{[%clk 0:37:21]} 22. Rae1 {[%clk 0:58:27]} Re8 {[%clk 0:34:10]} 23. h4
{[%clk 0:47:14]} Bd7 {[%clk 0:29:17]} 24. hxg5 {[%clk 0:45:59]} hxg5
{[%clk 0:29:09]} 25. Qf5 {[%clk 0:45:34]} Kg7 {[%clk 0:27:35]} 26. Bxe6
{[%clk 0:41:08]} Bxe6 {[%clk 0:20:34]} 27. Rxe6 {[%clk 0:40:53]} Rxe6
{[%clk 0:17:04]} 28. Qxe6 {[%clk 0:26:58]} Rf8 {[%clk 0:09:11]} 29. Kf2
{[%clk 0:15:05]} b6 {[%clk 0:07:13]} 30. Qxf6+ {[%clk 0:11:31]} Kxf6
{[%clk 0:07:00]} 31. Re5 {[%clk 0:09:10]} Rb8 {[%clk 0:06:16]} 32. g3
{[%clk 0:04:23]} fxg3+ {[%clk 0:04:49]} 33. Kxg3 {[%clk 0:04:19]} b5
{[%clk 0:04:07]} 34. a3 {[%clk 0:01:56]} a5 {[%clk 0:03:59]} 35. Kf3
{[%clk 0:01:53]} b4 {[%clk 0:03:46]} 36. cxb4 {[%clk 0:01:48]} axb4
{[%clk 0:03:46]} 37. axb4 {[%clk 0:01:41]} Rxb4 {[%clk 0:03:42]} 38. Ke4
{[%clk 0:01:23]} Rb1 {[%clk 0:03:03]} 39. Rf5+ {[%clk 0:01:06]} Kg6
{[%clk 0:02:57]} 40. Ke5 {[%clk 0:00:43]} Re1+ {[%clk 0:01:26]} 41. Kd6
{[%clk 0:00:32]} Re4 {[%clk 0:01:09]} 42. d5 {[%clk 0:26:15]} cxd5
{[%clk 0:28:47]} 43. c6 {[%clk 0:25:56]} Rxg4 {[%clk 0:27:12]} 44. Rxd5
{[%clk 0:24:58]} Rf4 {[%clk 0:23:26]} 45. c7 {[%clk 0:20:08]} Rf8
{[%clk 0:15:23]} 46. Kc6 {[%clk 0:15:55]} Rc8 {[%clk 0:14:34]} 47. Kb7
{[%clk 0:15:29]} Rg8 {[%clk 0:12:30]} 48. c8=Q {[%clk 0:12:50]} Rxc8
{[%clk 0:12:22]} 49. Kxc8 {[%clk 0:12:43]} Kh5 {[%clk 0:12:14]} 50. Kd7
{[%clk 0:12:35]} Kh4 {[%clk 0:11:48]} 51. Ke6 {[%clk 0:12:13]} g4
{[%clk 0:11:37]} 52. Kf5 {[%clk 0:11:52]} g3 {[%clk 0:11:15]} 53. Rd8
{[%clk 0:11:23]} g2 {[%clk 0:10:35]} 54. Rg8 {[%clk 0:11:12]} Kh3
{[%clk 0:10:15]} 55. Kf4 {[%clk 0:10:59]} Kh2 {[%clk 0:10:03]} 56. Rh8+
{[%clk 0:10:04]} Kg1 {[%clk 0:09:35]} 57. Kg3 {[%clk 0:09:53]} Kf1
{[%clk 0:09:12]} 58. Rf8+ {[%clk 0:09:45]} Kg1 {[%clk 0:08:53]} 59. Rf7
{[%clk 0:09:38]} Kh1 {[%clk 0:08:38]} 60. Rh7+ {[%clk 0:09:33]} Kg1
{[%clk 0:08:31]} 61. Rh2 {[%clk 0:09:24]} 1-0